Los cazadores primitivos en Mesoamérica /

Gardado en:
Detalles Bibliográficos
Autor Principal: Aveleyra Arroyo de Anda, Luis (autor)
Formato: Libro
Idioma:Lingua castelá
Publicado: México : UNAM, Instituto de Investigaciones Históricas, 1967, c1967
Series:(Serie Antropológica ; 21)
Temas:
Etiquetas: Engadir etiqueta
Sen Etiquetas, Sexa o primeiro en etiquetar este rexistro!

MARC

LEADER 00000nam^a2200000^a^4500
001 000127523
005 20250521000000.0
009 20260310094805.816
037 |a Acervo ITESO - Biblioteca 
041 |a ESP 
082 |a 972. 01  |b AVE 
100 |a Aveleyra Arroyo de Anda, Luis  |e (autor) 
245 1 4 |a Los cazadores primitivos en Mesoamérica /  |c L. Aveleyra Arroyo de Anda. 
264 4 |a México :  |b UNAM, Instituto de Investigaciones Históricas,  |c 1967, c1967 
300 |a 81 p. 
336 |a texto  |b txt  |2 rdacontenido 
337 |a sin mediación  |b n  |2 rdamedio 
338 |a volumen  |b nc  |2 rdasoporte 
440 1 |a (Serie Antropológica ;  |v 21) 
649 |a XX 
650 |a México -  |x Historia -  |y Epoca Prehispánica 
650 |a América Central -  |x Historia -  |y Epoca Prehispánica 
910 |a Fondo Salvador Reynoso Reynoso 
920 |a Impresos - Libros 
930 |a Fondos Especiales 
905 |a 112 
901 |a 0800009489  |b IT2  |c ESP  |u 20250521 
902 |a https://opac.biblio.iteso.mx/vufind/Record/000127523